Models of Consolidation Procedures in a Consolidated Entity of Nonfinancial Institutions in Case of Changes of Control
Konsolidácia je zaručeným nástrojom na zisťovanie finančnej situácie spoločnosti. Jej rozborom môže používateľ zistiť rôzne informácie, ktoré sú pre neho často dôležité. Pri tvorbe konsolidovaných finančných vyjadrení vznikajú rôzne problémy a situácie, ktoré je potrebné riešiť. Tieto Riešenia nie s...
Salvato in:
| Autore principale: | |
|---|---|
| Altri autori: | , |
| Natura: | Capitolo di libro |
| Lingua: | inglese |
| Soggetti: | |
| Tags: |
Nessun Tag, puoi essere il primo ad aggiungerne!!
|
MARC
| LEADER | 00000naa$a2200000$$$4500 | ||
|---|---|---|---|
| 001 | 0306418 | ||
| 005 | 20250122133421.4 | ||
| 041 | 0 | |a eng | |
| 044 | |a CZ | ||
| 245 | 1 | 0 | |a Models of Consolidation Procedures in a Consolidated Entity of Nonfinancial Institutions in Case of Changes of Control |c Zuzana Užíková, Zuzana Juhászová, Yuliia Serpeninova |
| 520 | |a Konsolidácia je zaručeným nástrojom na zisťovanie finančnej situácie spoločnosti. Jej rozborom môže používateľ zistiť rôzne informácie, ktoré sú pre neho často dôležité. Pri tvorbe konsolidovaných finančných vyjadrení vznikajú rôzne problémy a situácie, ktoré je potrebné riešiť. Tieto Riešenia nie sú vždy jednoduché a nie vždy vieme ich nájsť. Postupne aj v účtovnej praxi vznikajú nové problémy, a preto sa pokúsime nájsť riešenia niektorých z nich prostredníctvom výskumu. | ||
| 610 | 2 | 0 | |a konsolidácia |
| 610 | 2 | 0 | |a konsolidácia podniku |
| 610 | 2 | 0 | |a audit |
| 610 | 2 | 0 | |a účtovníci |
| 610 | 2 | 0 | |a účtovníctvo |
| 610 | 2 | 0 | |a kontrola |
| 610 | 2 | 0 | |a spoločnosti dcérske |
| 100 | 1 | |a Užíková, Zuzana, 2000- | |
| 700 | 1 | |a Juhászová, Zuzana, 1970- | |
| 700 | 1 | |a Serpeninova, Yuliia, 1984- | |